Un educatore ad Auschwitz : una storia dimenticata, l'Omocausto /

সংরক্ষণ করুন:
গ্রন্থ-পঞ্জীর বিবরন
প্রধান লেখক: Scovino, Carlo (লেখক)
অন্যান্য লেখক: Malgeri, Marina (পরিশিষ্ট, কলোফন ইত্যাদির লেখক), Zaccagnino, Elvira (ভূমিকা রচয়িতা, ইত্যাদি), Ceron, Davide (ভূমিকা রচয়িতা, ইত্যাদি)
বিন্যাস: গ্রন্থ
ভাষা:ইতালিয়
প্রকাশিত: Molfetta : Edizioni La Meridiana, 2023
মালা:Paceinsieme... alle radici dell'erba
বিষয়গুলি:
ট্যাগগুলো: ট্যাগ যুক্ত করুন
কোনো ট্যাগ নেই, প্রথমজন হিসাবে ট্যাগ করুন!

MARC

LEADER 00000nam a22000007i 4500
001 IT\ICCU\BA1\0168524
003 ItRI
005 20250603160046.0
008 231128s2023 it |||||| ||||| |||||c
020 |a 9788861538566 
040 |b ita  |c Arcigay Genova 
041 7 |a ita  |2 ISO-639-2 
082 |a 940.5318092  |2 23 
100 1 |a Scovino, Carlo  |0 IT\ICCU\LO1V\186850  |4 aut 
240 1 3 |a Un educatore ad Auschwitz  |9 Scovino, Carlo 
245 1 3 |a Un educatore ad Auschwitz :  |b una storia dimenticata, l'Omocausto /  |c Carlo Scovino ; presentazione di Elvira Zaccagnino ; prefazione di Davide Ceron ; postfazione di Marina Malgeri. 
260 |a Molfetta :  |b Edizioni La Meridiana,  |c 2023 
300 |a 98 p. ;  |c 21 cm 
650 7 |a Omosessuali  |x Persecuzioni  |x Germania  |x 1933-1945  |x Casi [:] Hirsch, Fredy  |2 nsbncf 
700 1 |a Malgeri, Marina  |0 IT\ICCU\BA1V\028574  |4 aft 
700 1 |a Zaccagnino, Elvira  |0 IT\ICCU\CSAV\042348  |4 aui 
700 1 |a Ceron, Davide  |0 IT\ICCU\TSAV\673970  |4 aui 
830 0 |a Paceinsieme... alle radici dell'erba  |0 IT\ICCU\LO1\0070630 
942 |2 ddc  |c BK 
952 |0 0  |1 0  |2 ddc  |4 0  |6 940_531809200000000_SCO_EDU  |7 0  |9 4290  |a GE  |b GE  |d 2025-06-03  |l 0  |o 940.5318092 SCO EDU  |p 1624  |r 2025-06-03 16:02:00  |w 2025-06-03  |y BK 
981 1 |6 z01  |a i   |b xxxe  
982 1 |6 z01  |a n 
999 |c 3299  |d 3299